| 000 | 00343nam a2200133Ia 4500 | ||
|---|---|---|---|
| 008 | 240624s9999 xx 000 0 und d | ||
| 041 | _aeng | ||
| 082 | _a330 NID | ||
| 100 | _aNIDHEESH K B | ||
| 245 | _aSPECIAL ECONOMIC ZONES IN INDIA CHALLENG | ||
| 260 |
_c2016 _aNew Delhi _bStudera Press |
||
| 300 | _ax, 145 p.; 23 cm. | ||
| 365 |
_cRS _b30 |
||
| 999 |
_c30342 _d30342 |
||